| 000 | 00779cam a22002533a 4500 | ||
|---|---|---|---|
| 001 | 3721 | ||
| 003 | PGUSA | ||
| 005 | 20140828083037.0 | ||
| 008 | 030201s2003||||xxu|||||s|||||000 | eng d | ||
| 040 |
_aPGUSA _beng |
||
| 042 | _adc | ||
| 050 | 4 | _aF1001 | |
| 100 | 1 |
_aParkman, Francis, _d1823-1893 |
|
| 245 | 1 | 0 |
_aPioneers of France in the New World _h[electronic resource] / _cFrancis Parkman |
| 260 |
_bProject Gutenberg, _c2003 |
||
| 506 | _aPublic domain in the USA. | ||
| 516 | _aElectronic text | ||
| 653 | _aFlorida -- History -- Huguenot colony, 1562-1565 | ||
| 653 | _aCanada -- History -- To 1763 (New France) | ||
| 653 | _aChamplain, Samuel de, 1567-1635 | ||
| 830 | 0 |
_aProject Gutenberg _v3721 |
|
| 856 | 4 | 0 | _uhttp://www.gutenberg.org/ebooks/3721 |
| 942 | _cEB | ||
| 999 |
_c233050 _d233050 |
||